|
|
|
|
| LEADER |
01033cam a2200253 a 4500 |
| 001 |
12624774 |
| 003 |
GR-PaULI |
| 005 |
20170929161248.0 |
| 008 |
011219s2003 mau f b 001 0 eng d |
| 020 |
|
|
|a 0072335424
|
| 020 |
|
|
|a 0071123423 (International ed.)
|
| 040 |
|
|
|a DLC
|b gre
|c DLC
|d DLC
|d GR-AiPI
|e AACR2
|
| 082 |
0 |
4 |
|a 330.015 195
|2 23
|
| 100 |
1 |
|
|a Gujarati, Damodar N.
|9 144691
|e συγγραφέας
|
| 245 |
1 |
0 |
|a Basic econometrics /
|c Damodar N. Gujarati.
|
| 250 |
|
|
|a 4th ed.
|
| 260 |
|
|
|a Boston :
|b McGraw Hill,
|c c2003.
|
| 300 |
|
|
|a xxix, 1002 σ. :
|b πίν., σχήμ. ;
|c 24 εκ.
|
| 504 |
|
|
|a Περιλαμβάνει βιβλιογραφικές παραπομπές (σ. 979-982) και ευρετήρια.
|
| 650 |
|
4 |
|a Οικονομετρία
|9 1565
|
| 942 |
|
|
|2 ddc
|c BK15
|
| 952 |
|
|
|0 0
|1 0
|2 ddc
|4 0
|6 330_015000000000000_195_GUJ
|7 0
|9 215411
|a LISA
|b LISA
|c BSC
|d 2017-09-27
|i 6468
|l 0
|o 330.015 195 GUJ
|p 026000278831
|r 2017-09-27 00:00:00
|t 1
|w 2017-09-27
|y BK15
|
| 998 |
|
|
|c ΜΙΧΟΣΤΑΥΡΟΥ
|d 2017-09
|
| 999 |
|
|
|c 130884
|d 130884
|